000 00428nam a2200181Ia 4500
001 12950
005 20260306163018.0
008 260306t2012||||xx |||||||||||||| ||spa||
041 _aESP
082 _aRD 467
_bC28 2012
100 _aCarpio Muñoz, Juan Guillermo
_eAUT
245 0 _aArequipeñismos
260 _c2012
300 _a283 páginas :
_c16 cm.
650 _aGEN
654 _aCHU
942 _cLIB
_dJUS
_fJUS
_2ddc
_n
999 _c12950
_d12950